| 000 | 00961nam a22002657a 4500 | ||
|---|---|---|---|
| 005 | 20170123162341.0 | ||
| 010 | _aA-581246 | ||
| 020 |
_c15.00 _a8172014201 |
||
| 035 | _aA-581246 | ||
| 037 | _bCen Lib/Ret | ||
| 040 |
_aDPL _bUR |
||
| 082 |
_a841.08 _bک ل ی |
||
| 100 |
_aکلیاں بی _9127574 |
||
| 245 |
_aشاہ عبدل لطیف / _cکلیاں بی ؛ ترجمہ عتیق احمد صدیقی |
||
| 246 |
_aShah Abdullateef / _bby Kalyan B. ; trsalated by Ateeq Ahmad Sidiqi |
||
| 260 |
_aدہلی _bساہتیہ اکادمی _c1992 |
||
| 270 |
_aرویندرا بھوں ٣٥ فیروز شاہ مارگ _bدہلی _e110001 |
||
| 300 |
_a76p. _c21cm(Hb) |
||
| 650 |
_aادب -- اردو _9127575 |
||
| 650 |
_aاردو سوانے عمری _9127576 |
||
| 650 |
_aUrdu literature _9127577 |
||
| 650 |
_aUrdu -- biography _9511 |
||
| 700 |
_aعتیق احمد صدیقی _9534 |
||
| 942 |
_2ddc _cUR _h841.08 _mک ل ی |
||
| 999 |
_c108554 _d108554 |
||